Economics in our times (Record no. 75707)

MARC details
000 -LEADER
fixed length control field 00890nam a2200181 a 4500
008 - FIXED-LENGTH DATA ELEMENTS--GENERAL INFORMATION
fixed length control field 070417s1995 ||||||||||||||||| || u
020 ## - INTERNATIONAL STANDARD BOOK NUMBER
International Standard Book Number 0314029389
050 ## - LIBRARY OF CONGRESS CALL NUMBER
Classification number HB 171.5 Arn
100 ## - MAIN ENTRY--PERSONAL NAME
Personal name Arnold, Roger A
245 10 - TITLE STATEMENT
Title Economics in our times
260 ## - PUBLICATION, DISTRIBUTION, ETC.
Place of publication, distribution, etc. USA
Name of publisher, distributor, etc. West Publishing Co
Date of publication, distribution, etc. 1995
300 ## - PHYSICAL DESCRIPTION
Extent xxii, 564p. : ill.
350 ## -
-- 0.00
650 #0 - SUBJECT ADDED ENTRY--TOPICAL TERM
Topical term or geographic name entry element ECONOMICS
995 ## -
-- MAIN LIBRARY OPEN ACCESS
-- 0.00
-- 737678
-- CBU-MAIN LIBRARY (Kitwe)
-- 1
-- 0.00
-- HB 171.5 ARN
-- 3
-- AVAILABLE
-- Apr 17, 2007
-- 53164
-- Main Library Open Access Collection
995 ## -
-- ANNEX COLLECTION (Main Library)
-- 0.00
-- 737676
-- CBU-MAIN LIBRARY (Kitwe)
-- 1
-- 0.00
-- HB 171.5 ARN
-- 1
-- AVAILABLE
-- Apr 17, 2007
-- 53151
-- Annex Low-Usage Collection
995 ## -
-- MAIN LIBRARY OPEN ACCESS
-- 0.00
-- 737677
-- CBU-MAIN LIBRARY (Kitwe)
-- 1
-- 0.00
-- HB 171.5 ARN
-- 2
-- AVAILABLE
-- Apr 17, 2007
-- 53153
-- Main Library Open Access Collection
999 ## -
-- 75707
-- 75707
Holdings
Withdrawn status Lost status Source of classification or shelving scheme Damaged status Not for loan Permanent Location Current Location Shelving location Date acquired Total Checkouts Full call number Barcode Date last seen Copy number Price effective from Koha item type
          CBU-MAIN LIBRARY, KITWE. CBU-MAIN LIBRARY, KITWE.   04/24/2023   HB 171.5 Arn 53164 04/24/2023 1 04/24/2023 MONOGRAPH
          CBU-MAIN LIBRARY, KITWE. CBU-MAIN LIBRARY, KITWE.   04/24/2023   HB 171.5 Arn 53151 04/24/2023 2 04/24/2023 MONOGRAPH
          CBU-MAIN LIBRARY, KITWE. CBU-MAIN LIBRARY, KITWE.   04/24/2023   HB 171.5 Arn 53153 04/24/2023 3 04/24/2023 MONOGRAPH